000 00790nam a2200277 i 4500
001 bgj
100 1 _a[MANGOLD, Max].
245 1 0 _aDuden :
_bAussprachewörterbuch /
_cbearb. von Max Mangold in Zusammenarbeit mit der Dudenredaktion.
246 _aAussprachewörterbuch.
250 _aWyd. 6.
260 _aMannheim :
_bDudenverlag,
_c2005.
300 _a860 s. ;
_c20 cm.
490 0 _aDer Duden in zwölf Bänden ;
_vBd. 6
650 9 _aJęzyk niemiecki
655 _aSłowniki
710 _aDudenredaktion (Bibliographisches Institut).
830 _aDuden in 12 Bänden
020 _a3411040661
040 _cBPK
041 0 _ager
044 _aDEU
080 _a811.112.2(03)
920 _a3-411-04066-1
942 _cKS
008 s gw f |000 0 ger
999 _c49534
_d49534
856 _uhttp://koha.tu.koszalin.pl/cgi-bin/koha/opac-detail.pl?biblionumber=49534
_yKatalog online BPK